| 000 | 00335nam a22001337a 4500 | ||
|---|---|---|---|
| 020 | _a8131712869 | ||
| 040 | _cNUST | ||
| 082 |
_a621.367 _bCAS |
||
| 100 |
_aKenneth R. Castleman _9124680 |
||
| 245 | _aDigital Image Processing | ||
| 260 |
_aIndia: _bPearson Education, _c2007. |
||
| 650 | _2Digital Image Processing | ||
| 942 |
_2ddc _cBK |
||
| 999 |
_c610485 _d610485 |
||